| 000 | 01354nam a2200289Ia 4500 | ||
|---|---|---|---|
| 999 |
_c54903 _d54903 |
||
| 001 | 21973 | ||
| 003 | GE_BSU | ||
| 005 | 20220920124639.0 | ||
| 008 | 181216s2009||||ge |||||||||||||| || || | ||
| 020 | _a9789941409530 | ||
| 040 | _cGE_BSU | ||
| 041 | _ageo | ||
| 080 | _a821.353.1.09 ტ-75 | ||
| 100 |
_aტრაპაიძე, ნანა _94150 |
||
| 245 |
_aმინაწერები ტექსტის კიდეზე : (ტექსტის პრობლემები) / _cნანა ტრაპაიძე ; მირიან ებანოიძე. |
||
| 264 |
_aბათუმი : _bშოთა რუსთაველის სახელმწ. უნ-ტის გამ-ბა, _c2009. |
||
| 300 |
_a132 გვ. ; _c20 სმ. |
||
| 501 | _aპირთა საძიებელი გვ. : 125-127 | ||
| 504 | _aბიბლიოგრაფია გვ. : 128-230 | ||
| 541 | _h6ლ. | ||
| 653 | _aმინაწერები ტექსტის კიდეზე | ||
| 653 | _aქართული ლიტერატურა | ||
| 653 | _aქართული ლიტერატურა | ||
| 653 | _aისტორია და კრიტიკა | ||
| 700 |
_aებანოიძე, მირიან _eრედაქტორი _914640 |
||
| 942 |
_cBK _2udc |
||